000 00261nam a2200097Ia 4500
008 241105s9999 xx 000 0 und d
041 _aeng
100 _aGupta R.
_9108128
245 _aResidential School Of Architecture
260 _bFinal Year B. Arch, BNCA
_c2005
999 _c360248
_d360248